00462nam a22001457a 4500003000500000038001800005082000800023100001600031245010000047264003300147300002400180650002000204700003500224856005700259NUST aNusrat Nadeem a200 aEjaz, Adnan aImpact of Domestic and Foreign Institutional Ownership on Firm Value in Pakistan/cAdnan Ejaz,  aIslamabad;bNBS NUST;c2024. a40,p;bill;c30,cm. aExecutive MBA  aSupervisor: Dr. Ajid Ur Rehman uhttp://10.250.8.41:8080/xmlui/handle/123456789/46337